[Event "URS-ch52 Final + Zonal"]
[Site "Riga"]
[Date "1985.02.02"]
[Round "8"]
[White "Eingorn, Vereslav S"]
[Black "Balashov, Yuri S"]
[Result "1-0"]
[WhiteElo "2525"]
[BlackElo "2495"]
[Annotator "ChessBase"]
[PlyCount "65"]
[EventDate "1985.01.23"]
[EventType "tourn"]
[EventRounds "19"]
[EventCountry "URS"]
[EventCategory "11"]
[SourceTitle "URS-ch"]
[Source "ChessBase"]
[SourceDate "1999.07.01"]
[SourceVersion "1"]
[SourceVersionDate "1999.07.01"]
[SourceQuality "1"]

1. d4 Nf6 2. c4 e6 3. Nf3 d5 4. Bg5 Be7 5. Nc3 O-O 6. e3 Nbd7 7. Rc1 a6 8. c5
c6 9. Bd3 b6 10. cxb6 c5 11. O-O Bb7 12. Bb1 cxd4 13. exd4 Nxb6 14. Ne5 Nfd7
15. Bxe7 Qxe7 {[#]} 16. Na4 Rab8 (16... Nxa4 17. Rc7 Nab6 18. Rxb7 $14) (16...
Rac8 17. Rxc8 Bxc8 (17... Rxc8 18. Qd3 f5 19. Qb3 $16) 18. Nxd7 Nxd7 19. a3 $14
) 17. Rc7 (17. Nxb6 Nxb6 18. Nd3 (18. Rc3 g6 19. Bd3 $14) 18... a5 19. Nc5 $14)
17... Qd6 $11 18. Nxb6 Nxe5 19. Qc2 g6 20. Qc5 Nc4 21. Nd7 {[#]} Rfc8 $2 (21...
Rbc8 22. Qxd6 Nxd6 $11) 22. Nf6+ $18 (22. Rxb7 Rxc5 23. dxc5 $18 Rxb7 24. Nf6+
Kf8 25. cxd6) 22... Kf8 23. Rxb7 Rxc5 24. dxc5 Qf4 25. Nd7+ Kg7 26. Nxb8 Nd2
27. Rd1 Qc4 28. c6 d4 29. c7 Nxb1 30. Nxa6 d3 31. Rb8 Qc2 32. Rf1 d2 33. Rd8
1-0

[Event "Olomouc AZ Sanace Cup"]
[Site "Olomouc"]
[Date "1998.08.11"]
[Round "4"]
[White "Kalod, Radek"]
[Black "Stohl, Igor"]
[Result "1/2-1/2"]
[WhiteElo "2435"]
[BlackElo "2540"]
[Annotator "Donev,I"]
[PlyCount "36"]
[EventDate "1998.08.08"]
[EventType "tourn"]
[EventRounds "9"]
[EventCountry "CZE"]
[EventCategory "10"]
[SourceTitle "CBM 067"]
[Source "ChessBase"]
[SourceDate "1998.11.30"]
[SourceVersion "2"]
[SourceVersionDate "1998.11.01"]
[SourceQuality "1"]

1. d4 d5 2. c4 e6 3. Nc3 Be7 4. Nf3 Nf6 5. Bg5 O-O 6. e3 h6 7. Bh4 b6 8. Be2
Bb7 9. O-O Nbd7 10. Rc1 dxc4 11. Bxc4 a6 (11... c5 $5 {Aljechin Empfehlung.}
12. Qe2 a6 13. a4 cxd4 14. Nxd4 Nc5 $11) 12. a3 $6 $146 {Weiss bereitet b2-b4
vor.} (12. a4 $142 c5 13. Qe2 cxd4 14. exd4 {Um die Kontrolle des zentralen
Feldes e5 zu haben, ist Weiss mitdem Isolani auf d4 einverstanden. Eine solche
Idee wäre noch besser, mit einem Turm auf d1 statt auf c1.} Nh5 {[%cal Yh5f4,
Ye7h4] Ein typisches Manöver für viele Varianten des Damengambits. Der
Nachziehende will günstig die schwarzfarbigen Läufer tauschen.} 15. Bxe7 Qxe7
16. d5 Nf4 17. Qe3 Qf6 18. Ne4 Qf5 19. Ng3 Qf6 20. Ne4 Qf5 {1/2-1/2 Kasparov,
G-Karpov,A/Moscow 1984 (20)} (20... Qf5 21. Ng3 Qf6 22. Ne4 {1/2-1/2 Kavalek,
L-Andersson,U/Reggio Emilia 1985 (22)})) 12... b5 13. Ba2 c5 {Nach diesem
natürlichen Zug ist Schwarz von seinem rückständigen c-Bauer befreit und die
Stellung voll ausgeglichen.} 14. dxc5 Nxc5 15. Nd4 Qb6 (15... Nfe4 16. Bxe7
Qxe7 17. Nxe4 Nxe4 18. Qg4 Rfd8 $11 (18... Rac8 19. Nxe6 $1 $16)) 16. f3 Ncd7 (
16... Rfd8 $5 17. Qe2 (17. b4 Ncd7 $11 (17... e5 $2 18. bxc5 Bxc5 19. Bxf6 gxf6
20. Qc2 exd4 21. Qg6+ Kh8 22. Qxh6+ Kg8 23. Ne4 $18)) 17... Rac8 $11) 17. Qe2
Rfd8 18. Rfd1 Ne5 1/2-1/2

[Event "HUN-ch"]
[Site "Hungary"]
[Date "1992.??.??"]
[Round "11"]
[White "Farago, Ivan"]
[Black "Csom, Istvan"]
[Result "1-0"]
[WhiteElo "2510"]
[BlackElo "2540"]
[Annotator "Ftacnik,L"]
[PlyCount "72"]
[EventDate "1992.12.??"]
[EventType "tourn"]
[EventRounds "11"]
[EventCountry "HUN"]
[EventCategory "11"]
[SourceTitle "CBM 034"]
[Source "ChessBase"]
[SourceDate "1993.06.01"]
[SourceVersion "1"]
[SourceVersionDate "1993.06.01"]
[SourceQuality "1"]

1. d4 Nf6 2. c4 e6 3. Nf3 d5 4. Nc3 Nbd7 5. Bg5 Be7 6. e3 O-O 7. Rc1 a6 8. c5
$5 c6 9. Be2 $5 (9. Bd3 e5 $5 10. dxe5 Ne8 11. Bf4 (11. h4 $5) 11... Nxc5 12.
Bb1 Bg4) 9... b6 $6 (9... e5 10. dxe5 Ne8 11. Bf4 $1 (11. Bxe7 Qxe7 12. Qd4 Nc7
$132) 11... Nxc5 12. h3 $1) (9... Ne4 $1 10. Bxe7 (10. Bf4 Nxc3 11. Rxc3 b6 $1
12. b4 a5 13. a3 axb4 14. axb4 bxc5 15. bxc5 Qa5 16. Qd2 Ba6 $1) 10... Qxe7 11.
Nxe4 dxe4 12. Nd2 f5 {/\ e5}) 10. b4 a5 11. b5 (11. a3 axb4 12. axb4 bxc5 13.
bxc5 Ba6 $10) 11... bxc5 $5 (11... Bb7 12. cxb6 (12. Ne5 $5) 12... Qxb6 13.
bxc6 Bxc6 14. Ne5 Ba3 15. Rb1 $14) 12. bxc6 Nb8 13. dxc5 Nxc6 14. O-O h6 15.
Bh4 Bd7 (15... Ba6) 16. Nd4 $5 a4 $6 (16... Bxc5 17. Nxc6 Bxc6 18. Nb1 $1) (
16... e5 17. Ndb5 (17. Nxc6 Bxc6 18. Bb5 Qd7 19. a4 Rfd8 $132) 17... Be6 18.
Na4 $14) 17. Bb5 Nxd4 18. exd4 Ne4 $6 19. Bxe7 Qxe7 20. c6 $1 Nxc3 21. Rxc3
Rfc8 22. a3 Rc7 23. Qd3 Be8 24. h3 f6 25. Rb1 Qd6 26. Rc5 Bf7 $2 27. Bxa4 $1 e5
(27... Rxa4 28. Rb8+ Be8 29. Qg6 $18) 28. Ra5 $6 (28. Rb4 $1) 28... Re8 $2 (
28... Rxa5 29. Rb8+ Be8 30. Qg6 Re7 31. Rxe8+ Rxe8 32. Qxe8+ Kh7 (32... Qf8 33.
c7 Ra8 34. Qxf8+ Kxf8 35. Bd7 $18) 33. Qd7 Qxa3 $1 (33... Qxd7 $2 34. cxd7 Ra8
35. Bc6 Rb8 36. a4 $1 exd4 37. Kf1 d3 38. Ke1 Kg8 39. a5 Kf8 40. a6 Ke7 41. a7
$18) 34. Qf5+ g6 $1 35. Qd7+ Kg8 36. Qd8+ Kf7 37. Qxa5 Qc1+ 38. Bd1 (38. Kh2
Qf4+) 38... Qxd1+ 39. Kh2 Qxd4 40. Qc7+ Kf8 41. Qd8+ Kf7 $13) 29. Rb7 exd4 30.
Qg3 $1 Rxc6 31. Qxd6 Rxd6 32. Bxe8 Bxe8 33. Ra8 Kf8 34. Rbb8 Re6 35. Kf1 Kf7
36. Rxe8 $1 Rxe8 $138 1-0

[Event "Candidates qf1"]
[Site "Brussels"]
[Date "1991.??.??"]
[Round "2"]
[White "Gelfand, Boris"]
[Black "Short, Nigel D"]
[Result "0-1"]
[WhiteElo "2665"]
[BlackElo "2660"]
[Annotator "Ftacnik,L"]
[PlyCount "132"]
[EventDate "1991.08.??"]
[EventType "match"]
[EventRounds "8"]
[EventCountry "BEL"]
[SourceTitle "Candidates"]
[Source "ChessBase"]
[SourceDate "1999.07.01"]
[SourceVersion "2"]
[SourceVersionDate "1999.07.01"]
[SourceQuality "1"]

1. d4 {Hansen,Cu} d5 2. c4 e6 3. Nf3 Nf6 4. Nc3 Nbd7 5. Bg5 Be7 6. e3 O-O 7.
Rc1 b6 8. cxd5 exd5 9. Qa4 c5 10. Ba6 (10. Bb5 Bb7 11. O-O h6 12. Bxd7 Nxd7 13.
Bxe7 Qxe7 14. Qa3 Rfe8 15. Rfd1 Nf6 16. dxc5 bxc5 17. Na4 $14 {Hertneck,
H-Chiburdanidze,M/Bad Worishofen op/1986/}) (10. Qc6 {Hansen,Cu} Rb8 11. Nxd5
Nxd5 (11... Bb7 12. Nxe7+ Qxe7 13. Qa4 $14 {Capablanca,J-Lasker,E 1921}) 12.
Qxd5 Bb7 13. Bxe7 Qxe7 14. Qg5 Qxg5 15. Nxg5 cxd4 16. exd4 Rfe8+ 17. Kd1 Red8
$17 {Levitina,E-Chiburdanidze,M 1984}) 10... h6 (10... cxd4 {Hansen,Cu} 11.
exd4 Bxa6 12. Qxa6 Qc8 13. Qa4 $14 {Makarichev,S-Sturua,Z 1985}) 11. Bh4 cxd4
12. exd4 Nh5 (12... Ne4 13. Bxe7 Nxc3 14. Bxd8 Nxa4 15. Bxc8 Rxd8 16. Bxd7 Rxd7
17. b3 Nb2 18. Kd2 $18) 13. Bg3 Bxa6 14. Qxa6 Bg5 15. Rd1 $6 (15. Rc2 Re8+ 16.
Re2 $14) (15. Nxg5 Qxg5 16. O-O Nxg3 17. hxg3 Nf6 $10) 15... Re8+ 16. Kf1 Ndf6
17. Nxg5 hxg5 18. f3 b5 $1 19. Qxb5 (19. Kf2 Nxg3 20. hxg3 Re6 21. Qxb5 Rb8 22.
Qd3 Rxb2+ 23. Rd2 $2 Ng4+ 24. fxg4 Qf6+ $19) (19. Nxb5 Nxg3+ 20. hxg3 Rb8 21.
b3 Rb6 22. Qa5 Qe7 23. Nc3 Qe3 {/\ Ng4}) 19... Nxg3+ 20. hxg3 Rb8 21. Qd3 Rxb2
22. Rd2 Qb6 (22... Qe7 23. Re2 (23. Kf2 Ng4+ 24. fxg4 Qf6+ $19)) 23. g4 Qb8 $6
(23... Nxg4 $1 24. Qh7+ Kf8 25. Qh8+ (25. Rxb2 Qxb2 26. fxg4 Qc1+ 27. Kf2 Qf4+
28. Kg1 Re1#) 25... Ke7 26. Nxd5+ Kd6 27. Qxe8 (27. Nxb6 Rb1+) (27. Rxb2 Qa6+)
27... Qa6+ 28. Ke1 Rb1+ 29. Rd1 Qa5+ 30. Ke2 Qxa2+ 31. Rd2 Qa6+ 32. Rd3 Rb2+
33. Ke1 Qxd3 34. Qd8+ Ke6 35. Nc7+ Kf5 36. fxg4+ Kxg4 37. Qd7+ f5 $19) 24. Nd1
(24. Ne2 Rxd2 25. Qxd2 Qb1+ 26. Qc1 Qxa2 $19) (24. Kf2 {Hansen,Cu} Nxg4+) 24...
Qg3 25. Nf2 Rb6 26. Rh3 Rbe6 27. Rd1 Qc7 28. Qd2 Re3 29. Rc1 Qf4 30. Rd1 g6 31.
Kg1 Kg7 (31... Nd7) 32. Qc1 Re2 33. Qxf4 gxf4 34. Nd3 (34. g5 Nh5 $19) 34... g5
35. a4 Ra2 36. g3 (36. Nc5 Ree2 37. Rh2 Ne8 38. Rb1 Nd6 $19) 36... fxg3 37. Nc5
g2 38. Rg3 Ree2 39. Nb3 Reb2 40. Nc1 Rxa4 41. Nd3 (41. Rxg2 {Hansen,Cu} Rb1 {
/\Raa1}) 41... Rba2 42. Rxg2 Rxg2+ 43. Kxg2 Rxd4 44. Kf2 Nd7 45. Ke3 Ra4 46.
Rc1 Nb6 47. Rc7 Nc4+ 48. Ke2 Ra2+ 49. Ke1 Ra3 50. Ke2 Ra2+ 51. Ke1 a5 52. f4
gxf4 53. Nxf4 Ne3 54. Ra7 a4 55. g5 a3 56. g6 Ng2+ 57. Nxg2 Rxg2 58. Rxa3 (58.
gxf7 a2 $19) 58... fxg6 59. Ra6 Kh6 60. Rd6 Rg5 61. Kf2 Kh5 {Sealed move} 62.
Kf3 Kh4 63. Ra6 Kh3 64. Kf2 Rg4 65. Ra3+ Kh2 66. Ra6 Rf4+ 0-1

[Event "Chalkidiki"]
[Site "Chalkidiki"]
[Date "1992.??.??"]
[Round "11"]
[White "Khenkin, Igor"]
[Black "Sokolov, Ivan"]
[Result "1/2-1/2"]
[WhiteElo "2570"]
[BlackElo "2625"]
[Annotator "Ftacnik,L"]
[PlyCount "68"]
[EventDate "1992.09.??"]
[EventType "tourn"]
[EventRounds "11"]
[EventCountry "GRE"]
[EventCategory "14"]
[SourceTitle "CBM 032"]
[Source "ChessBase"]
[SourceDate "1993.02.01"]
[SourceVersion "1"]
[SourceVersionDate "1993.02.01"]
[SourceQuality "1"]

1. d4 (1. c4 e6 2. Nc3 d5 3. d4 Be7 4. Nf3 Nf6 5. Bg5 O-O 6. Rc1 Nbd7 7. e3 b6
8. cxd5 exd5 9. Qa4 c5 10. Ba6 (10. Qc6 Rb8 11. Nxd5 Nxd5 12. Qxd5 Bb7 13. Bxe7
Qxe7 14. Qg5 Qxg5 15. Nxg5 cxd4 16. exd4 Rfe8+ 17. Kd1 Red8 $17 {Levitina,
I-Chiburdanidze,M/Volgograd (m/13)/1984/}) (10. Bb5 Bb7 11. O-O a6 (11... h6
12. Bxd7 Nxd7 13. Bxe7 Qxe7 14. Qa3 Rfc8 15. Rfd1 Nf6 16. dxc5 bxc5 17. Na4 Nd7
18. Nd4 $16 {Hertneck,G-Chiburdanidze,M/Bad Woerishofen/1986/}) 12. Bxd7 Nxd7
13. dxc5 Bxg5 14. c6 Nc5 15. Qg4 Bf6 16. cxb7 Rb8 17. Rfd1 Bxc3 18. Rxc3 Rxb7
19. Qg5 Qe8 20. Rc2 Rd7 21. Qe5 Qa8 22. b4 Ne6 23. h3 a5 24. b5 Nc5 25. Nd4 Re8
26. Qf5 $16 {Podgaets,M-Chiburdanidze,M/USSR/1985/}) 10... cxd4 11. exd4 Bxa6
12. Qxa6 Qc8 13. Qa4 Qb7 14. O-O Rac8 15. Ne5 Rfd8 16. Rfe1 h6 17. Bh4 Nf8 18.
Ng4 N8h7 19. Ne3 Bf8 20. Qb3 Ra8 21. Rc2 Rd7 22. Bg3 Ne4 23. Nxe4 dxe4 24. Rec1
Ng5 25. Rc7 Rxc7 26. Rxc7 $16 {Makarichev,S-Sturua,Z/Frunze/1985/}) 1... e6 2.
c4 d5 3. Nf3 Nf6 4. Nc3 Nbd7 5. Bg5 h6 6. Bh4 Be7 7. e3 O-O 8. Rc1 b6 9. cxd5
exd5 10. Qa4 c5 11. Ba6 (11. Bb5 $5) 11... cxd4 12. exd4 Bxa6 13. Qxa6 Nh5 14.
Bg3 Bg5 15. Rc2 $5 $146 (15. Rd1 $2 Re8+ 16. Kf1 Ndf6 17. Nxg5 hxg5 18. f3 b5
$1 19. Qxb5 Nxg3+ 20. hxg3 Rb8 21. Qd3 Rxb2 $17 {Gelfand,B-Short,N/Bruxelles 
(m/2)/1991/}) 15... Re8+ 16. Re2 Qc8 (16... Ndf6 17. Nxg5 hxg5 18. O-O Nxg3 19.
hxg3 Rxe2 20. Qxe2 Qd7 $10) 17. Qxc8 Raxc8 18. Rxe8+ (18. Nxg5 hxg5 19. Rxe8+
Rxe8+ 20. Kd2 $10) 18... Rxe8+ 19. Kd1 Nxg3 20. hxg3 Nf6 21. Re1 (21. Ne5 Ne4
$1 22. Nxe4 dxe4 23. f4 exf3 24. gxf3 Rd8 $17) 21... Ne4 22. Nxe4 (22. Nxd5
Nxf2+ 23. Kc2 Rxe1 24. Nxe1 Ne4 $17) 22... dxe4 23. Nxg5 hxg5 24. g4 g6 25. Kd2
f5 26. gxf5 gxf5 27. f3 Rd8 (27... Kf7 28. fxe4 fxe4 29. Ke3 $14) 28. fxe4
Rxd4+ 29. Kc3 Ra4 30. exf5 Kf7 31. Re6 (31. a3 Rf4 32. Re5 Rg4 $10) 31... Rg4 (
31... Rxa2 32. Rg6 $14) 32. Rd6 Ke7 33. Re6+ Kf7 34. Rd6 Ke7 1/2-1/2

[Event "RUS-chT 03rd"]
[Site "Kazan"]
[Date "1995.??.??"]
[Round "4"]
[White "Zvjaginsev, Vadim"]
[Black "Kharitonov, Andrei Y"]
[Result "1-0"]
[WhiteElo "2600"]
[BlackElo "2550"]
[Annotator "Hansen,Cu"]
[PlyCount "51"]
[EventDate "1995.??.??"]
[EventType "team-tourn"]
[EventRounds "9"]
[EventCountry "RUS"]
[SourceTitle "CBM 051"]
[Source "ChessBase"]
[SourceDate "1996.04.01"]
[SourceVersion "1"]
[SourceVersionDate "1996.04.01"]
[SourceQuality "1"]
[WhiteTeam "Azov Ladya"]
[BlackTeam "Moscow CSKA"]
[WhiteTeamCountry "RUS"]
[BlackTeamCountry "RUS"]

1. d4 d5 2. c4 e6 3. Nc3 Be7 4. Nf3 Nf6 5. Bg5 O-O 6. e3 Nbd7 7. Rc1 dxc4 8.
Bxc4 a6 9. Bd3 c5 10. Ne5 {[%csl Ge5][%cal Yf2f4] N /\f2-f4 ><e5} (10. O-O cxd4
11. Nxd4 Ne5 12. Bxf6 Bxf6 13. Be4 Rb8 14. Qc2 g6 $10 {1/2-1/2 Fokin,
S-Kharitonov,A/Kursk ,EXT 87 1987 (24)}) 10... cxd4 (10... Nxe5 11. dxe5 Nd5
12. Bxe7 Qxe7 13. Ne4 $16 {[%csl Gd6] ><d6}) 11. exd4 Nd5 {A well-known
manouvre in the Queens-gambit. Black tries to equalise by exchanging as many
minor-pieces as possible. In the very long term this could give black a good
ending. Whites d-pawn is isolated and this is only compensated for by whites
active pieceplay.} 12. Bxe7 Qxe7 13. O-O (13. Nxd5 exd5 {This exchange is
normally favourable for white as his bishop is better that blacks. Also whites
d-pawn can no longer get under attack in the d-line. However in this situation
white is behind in development, and black would have strong counterplay in the
e-line.}) 13... Nxe5 14. dxe5 Rd8 {A critical point in the game. Black has to
solve some serious  problems. He cannot easily develop Bc8, without giving
white a large positional advantage (14. - Bd7 15.Nxd5 exd5 +/-).  Another
problem is whites possibility to use square d6 as a strongpoint for his N.} (
14... Bd7 15. Nxd5 exd5 16. f4 $16) 15. Qf3 (15. Ne4 $6 Nf4 16. Nd6 Qg5) 15...
Rb8 (15... Nxc3 $6 16. Rxc3 Rb8 {/\Bd7-c6} 17. Bxh7+ (17. Rfc1 Bd7 18. Rc7 Qg5
$132) 17... Kxh7 18. Qh5+ Kg8 19. Rh3 f6 20. exf6 Qxf6 21. Qh7+ Kf7 22. Rf3 $18
) 16. Ne4 $16 {[%csl Gd6] ><d6 Black has keept a sound pawnstrukture but
whites much better placed pieces makes the evaluation of the position easy.}
Bd7 17. Qg3 Bc6 18. Rfd1 h6 {[%cal Yd5b4,Yc6e4] /\Nb4,Bxe4} (18... Nb4 $5 {
Trying to exchange som more minor-pieces} 19. Nf6+ $16 {This looks crushing
but what happens after:} Kh8 20. Bxh7 gxf6 {Does white have a winning
contination here? Black wants to defend with f6-f5 in many lines so:} 21. Qh4
Kg7 22. Bb1 Rxd1+ (22... Rh8 $2 23. exf6+ Qxf6 24. Qxb4 (24. Qg3+ $1 Kh6 (24...
Kf8 25. Qxb8+) 25. Rc4 $18) 24... Bxg2 $1 $17) 23. Rxd1 Rh8 24. exf6+ Qxf6 25.
Qxb4 Rh4 $44 {Black is very active and seems to have pretty good compensation.
I don t see a win for after 18..Sb4 19.Sf6+}) 19. a3 {[%csl Rb4] ><b4. Taking
square b4 away from blacks pieces and thereby making it difficult for black to
continue to simplify the position.} Nc7 {[%cal Yc6e4] /\Bxe4} 20. Nd6 {[%cal
Yf2f4,Yf4f5] /\f2-f4-f5 /\f} Qg5 21. Be4 Qxg3 22. hxg3 Nd5 23. Bxd5 $1 {
A very clean win to make use of whites positional advantage. Black can either
accept a very bad bishop and a weak d-pawn after exd5 or allow whites rook in
on c7.} exd5 (23... Bxd5 24. Rc7 $16) 24. Nf5 $1 {[%cal Rf5e7] The best square
for a knight is in front of the isolated pawn.  Especially if the N cannot be
exchanged} Kf8 25. g4 Rbc8 26. f3 {(...)} (26. f3 {RR: The following moves,
given in the bulletin are incorrect.} Rc7 27. Kf2 Re8 28. Rd4 g6 29. Nd6 {
Most unfortunately the notation of the last part of this game is messed up.
Probably beginning with move 26. Whites 28th move is clearly not the games
move as black could play Rxe5} Bb5 30. Rxc7 Rxe5 31. Rxb7 Re8) 1-0

[Event "Copenhagen CU 75th"]
[Site "Copenhagen"]
[Date "2002.02.17"]
[Round "9"]
[White "Hoi, Carsten"]
[Black "Jakobsen, Ole"]
[Result "1-0"]
[WhiteElo "2407"]
[BlackElo "2405"]
[Annotator "Hecht,H"]
[PlyCount "97"]
[EventDate "2002.02.09"]
[EventType "tourn"]
[EventRounds "9"]
[EventCountry "DEN"]
[EventCategory "9"]
[SourceTitle "CBM 088"]
[Source "ChessBase"]
[SourceDate "2002.03.21"]
[SourceVersion "1"]
[SourceVersionDate "2002.03.21"]
[SourceQuality "1"]

1. Nf3 d5 2. d4 Nf6 3. c4 e6 4. Nc3 Be7 5. Bg5 O-O 6. e3 Nbd7 7. Rc1 dxc4 8.
Bxc4 a6 9. a4 c5 10. O-O cxd4 11. exd4 Nb6 12. Bb3 Bd7 13. Ne5 Bc6 14. Qd3 Nfd5
15. Nxd5 Nxd5 16. Bc2 g6 17. Bh6 Bg5 18. Nxc6 bxc6 19. Bxf8 Bxc1 20. Rxc1 Qxf8
21. Bb3 Nb4 22. Qe3 a5 23. g3 Qd6 24. Rc5 Rd8 25. Rxa5 Qxd4 26. Ra8 Qd7 27.
Rxd8+ Qxd8 {[#] Guter Läufer mit Randfreibauer} 28. Qc5 Qd2 29. Qc3 Qd6 30. a5
c5 31. Bc4 Qd8 32. Qa3 Nc6 33. a6 Qb6 34. h4 Kf8 35. Bf1 Ke7 36. Qe3 Nb4 37.
Qa3 Nc6 38. Qa4 h5 39. b3 Na7 40. Qc4 Qb4 41. Qc2 Kd6 42. Qd1+ Kc7 $2 {Läßt
den Königsflügel im Stich, was zu unerwünschten Schwächungen führt.} (42... Ke7
$142) 43. Qf3 $1 f5 44. Qe3 {[%csl Re6,Rg6]} Kd6 45. Bc4 e5 46. Qd3+ Kc7 47.
Qd5 Nc6 48. Qf7+ Kb8 49. Bd5 1-0

[Event "Abu Dhabi op 13th"]
[Site "Abu Dhabi"]
[Date "2003.08.20"]
[Round "5"]
[White "Ionov, Sergey"]
[Black "Kayumov, Sergey"]
[Result "1/2-1/2"]
[WhiteElo "2556"]
[BlackElo "2479"]
[Annotator "Hecht,H"]
[PlyCount "86"]
[EventDate "2003.08.16"]
[EventType "swiss"]
[EventRounds "9"]
[EventCountry "UAE"]
[SourceTitle "CBM 097"]
[Source "ChessBase"]
[SourceDate "2003.11.11"]
[SourceVersion "1"]
[SourceVersionDate "2003.11.11"]
[SourceQuality "1"]

1. d4 d5 2. c4 e6 3. Nf3 Nf6 4. Bg5 Be7 5. Nc3 O-O 6. e3 Nbd7 7. Rc1 dxc4 8.
Bxc4 a6 9. a4 c5 10. O-O cxd4 11. exd4 Nb6 12. Bb3 Bd7 13. Re1 Bc6 14. Ne5 Nbd5
15. Qd3 Nb4 16. Qh3 Bd5 17. Nxd5 Nfxd5 18. Bd2 Qd6 19. Nc4 Qd8 20. Ne5 Qd6 21.
Nxf7 Rxf7 22. Rxe6 Nf4 23. Bxf4 Qxf4 24. Qe3 Qxe3 25. Rxe3 Kf8 26. Rc7 Re8 27.
Bxf7 Kxf7 28. Rxb7 Nd5 29. Re5 Rd8 30. b4 Kf8 31. Re6 Bxb4 32. Rxa6 Bc3 33.
Rba7 Bxd4 34. Ra8 Rxa8 35. Rxa8+ Ke7 {[#] Material for study II the same
distribution of pawns and exactly the same material as in Lugovoi-Vera 1-0 
(#27). Here White lets his a-pawn get taken - the result is a colourless draw.
[#] Studienmaterial II Gleiche Bauernverteilung und exakt gleiches Material
wie bei Lugovoi-Vera 1-0 (#27). Hier läßt sich Weiß den a-Bauern abknöpfen -
Resultat: ein fades Remis.} 36. g3 Kd7 37. Kg2 Nc7 38. Rb8 Na6 39. Rb5 $6 (39.
Rb1 $142) 39... Kc6 40. f4 $2 (40. Rb1 $1 Nc5 41. a5 Bc3 42. a6 $3 $18) 40...
Nc5 {[%csl Ra4,Rb5]} 41. Rb4 Kd5 42. a5 Bc3 43. Rb5 Kc4 1/2-1/2

[Event "Olympiad-32"]
[Site "Yerevan"]
[Date "1996.09.19"]
[Round "4.4"]
[White "Izeta Txabarri, Felix"]
[Black "Sulskis, Sarunas"]
[Result "1-0"]
[WhiteElo "2525"]
[BlackElo "2515"]
[Annotator "Kharitonov,A"]
[PlyCount "133"]
[EventDate "1996.09.15"]
[EventType "team-swiss"]
[EventRounds "14"]
[EventCountry "ARM"]
[SourceTitle "CBM 055"]
[Source "ChessBase"]
[SourceDate "1996.12.01"]
[SourceVersion "1"]
[SourceVersionDate "1996.12.01"]
[SourceQuality "1"]
[WhiteTeam "Spain"]
[BlackTeam "Lithuania"]
[WhiteTeamCountry "ESP"]
[BlackTeamCountry "LTU"]

1. d4 Nf6 2. Nf3 d5 3. c4 e6 4. Nc3 Nbd7 5. Bg5 Be7 6. e3 O-O 7. Rc1 c6 8. Bd3
a6 9. c5 e5 10. dxe5 (10. Bxf6 Bxf6 11. dxe5 Be7 12. Qc2 h6 13. Na4 Qc7 14. Qc3
(14. e6 $5 fxe6 15. O-O $22 e5 16. e4 $16) 14... Re8 15. Bb1 Bd8 $1 16. Qc2 g6
17. h4 $6 (17. Nb6 $5 $17) 17... h5 18. Nd4 Qxe5 19. Rd1 Qf6 $17 {Wiedenkeller,
M-Thorsteinsson,Th/Saltsjobaden/1988/0|1/35/}) 10... Ne8 11. h4 (11. Bf4 Nxc5
12. Bb1 f5 (12... Bg4 13. h3 Bh5 14. g4 Bg6 15. Bf5 Nc7 16. h4 h5 17. Nd4 N7e6
18. Kf1 Nxd4 19. exd4 Ne6 20. Be3 c5 $13 {Vaganian,R-Speelman,J/London/1984/0,
5/59/}) 13. exf6 Nxf6 14. Nd4 Ne6 15. Bg3 Nxd4 16. Qxd4 Be6 17. O-O Bd6 18. Ne2
Bxg3 19. Nxg3 a5 $14 {Goldin,A-Ostenstad,B/Trnava/1989/}) 11... Nxc5 12. Bb1
Ne6 (12... f5 13. Nxd5 cxd5 14. Rxc5 $18) 13. Qc2 $5 {N/} (13. Nd4 g6 14. Bh6
N8g7 15. h5 Bg5 16. hxg6 hxg6 17. Bxg5 Qxg5 18. Nf3 $13 {Kortchnoi,V-Agdestein,
S/Tilburg/1989/0,5/18/}) 13... g6 14. Bh6 N6g7 $6 (14... N8g7 $5 15. h5 Qa5 $22
16. Qd2 Rd8 $132) 15. h5 Bf5 16. e4 dxe4 17. Nxe4 Qa5+ 18. Bd2 Qd5 19. hxg6
Bxg6 (19... hxg6 20. Bc3 $22 Rd8 21. Qe2 $16) (19... fxg6 20. Bc3 $16) 20. Bc3
Nc7 21. Rd1 Qe6 22. Nd4 $1 Qc4 (22... Qxe5 23. Nxc6 $16) (22... Qg4 23. f3 Qf4
24. Ne2 $16) 23. b3 Qd5 (23... Bxe4 24. bxc4 Bxc2 25. Bxc2 $16) 24. Qe2 Rad8
25. Bc2 Nce6 26. Nf5 (26. Nxe6 Qxe6 27. O-O $14) 26... Qxd1+ $5 (26... Nxf5 $5
27. Rxd5 cxd5 28. Nf6+ Bxf6 29. Bxf5 (29. exf6 Nfd4 $1) 29... Bxf5 30. exf6
Rfe8 31. O-O d4 32. Bd2 $14) 27. Bxd1 Nxf5 28. O-O Rd5 29. Nf6+ Bxf6 30. exf6
Rfd8 31. b4 Rd3 32. Qc2 h5 33. Qc1 Kh7 34. Bb3 Ned4 35. Bxd4 Nxd4 36. Qc5 $14
Rd6 (36... Nxb3 37. axb3 Rxb3 38. Qe7 Rb8 39. Rd1 $14) 37. Qe5 Nxb3 38. axb3
Re6 (38... Rd8 39. Re1 $14) 39. Qc7 b5 40. Ra1 Rxf6 41. f3 Rxb3 42. Qd8 Kg7 43.
Rxa6 Rd3 (43... Rxb4 $2 44. Ra8 $18) 44. Qb8 Re6 45. Ra8 $16 Kf6 46. Kh2 Rd5
47. Qh8+ Kg5 48. Qc3 Rd3 49. Qc1+ Kf6 50. Rc8 Rdd6 51. Kg3 Kg7 52. Qc3+ Rf6 53.
Qe5 Bf5 (53... Rde6 54. Qb8) 54. Re8 Rd5 (54... Rde6 55. Rxe6 fxe6 (55... Bxe6
56. Qxh5 $16) 56. Qc7+ Kg6 57. Qxc6 $16) 55. Qc3 $2 (55. Qe7 $1 Rg6+ 56. Kf4
Rxg2 57. Qf8+ Kf6 58. Qh8+ Rg7 59. Rg8 $18) 55... Bd7 56. Rd8 Be6 57. Ra8 Rg5+
$6 (57... Bd7 $5) 58. Kh2 Bd5 59. Rd8 Rgf5 60. Qc5 Rg6 61. Qf8+ Kf6 62. Qh8+
Kg5 63. Qd4 $1 Rgf6 64. Rg8+ Rg6 $2 (64... Kh6 65. Qe3+ Kh7 66. Qe8 Rg6 67.
Rh8+ Kg7 68. Qf8+ Kf6 $16) 65. Rh8 $18 Rf4 66. Qe3 Re6 (66... h4 67. Rxh4 Kxh4
68. Qxf4+ Kh5 69. g4+ Kh4 70. g5+ $18) 67. Qd2 (67. Qd2 h4 68. g3 hxg3+ 69.
Kxg3 Ref6 70. Rh4 $18) 1-0